Normal view
MARC view
Entry Topical Term
001 - CONTROL NUMBER
- control field: 18335
003 - CONTROL NUMBER IDENTIFIER
- control field: OSt
005 - DATE AND TIME OF LATEST TRANSACTION
- control field: 20201007151946.0
008 - FIXED-LENGTH DATA ELEMENTS
- fixed length control field: 201007|| aca||aabn | a|a d
040 ## - CATALOGING SOURCE
- Original cataloging agency: OSt
- Transcribing agency: OSt
150 ## - HEADING--TOPICAL TERM
- Topical term or geographic name entry element: Economic development - India - Jammu and Kashmir
670 ## - SOURCE DATA FOUND
- Source citation: Work cat.: (OSt)514089: Sehgal, Swati 18334, Kashmir: Home and longing
